| 000 | 01026nas a2200349 4500 | ||
|---|---|---|---|
| 001 | BR0604359 | ||
| 003 | BR-BrBNA | ||
| 005 | 20231205110340.0 | ||
| 007 | ta | ||
| 008 | 230509b bl.|||p| |||| 00| 00por d | ||
| 040 |
_aBR-BrBNA _bpor _cBiblioteca Nacional de Agricultura |
||
| 041 | _a(Pt) | ||
| 072 | _aQ70 | ||
| 100 | 1 | _aSouza, M.L.R. de | |
| 100 | 1 | _aGodoy, L.C. | |
| 100 | 1 | _aKozuki, H.T. | |
| 100 | 1 | _aCasaca, J. de M. | |
| 100 | 1 | _aDourado, D.M. | |
| 100 | 1 | _aJacinto, M.A.C. | |
| 245 | 1 | _aHistologia da pele da carpa prateada (Hypophtalmichthys molitrix)e testes de resistência do couro | |
| 650 | _aCARPA PRATEADA | ||
| 650 | _aHYPOPHTALMICHTHYS MOLITRIX | ||
| 650 | _aPELE | ||
| 650 | _aHISTOLOGIA | ||
| 650 | _aCOURO | ||
| 650 | _aRESISTÊNCIA | ||
| 650 | _aQUALIDADE | ||
| 650 | _aCURTIMENTO | ||
| 773 | 0 |
_tRevista Brasileira de Zootecnia (Brazil) _xISSN 1516-3598 _g(Jul-Aug 2006), v. 35(4) p. 1265-1272 _wBR0604359 |
|
| 909 |
_a202311 _bLúcia _c55 _dLúcia Elande |
||
| 942 |
_2AGRIS _n0 _cANA |
||
| 999 |
_c187066 _d187066 |
||